Rozpory v klíčové horizontální linii managementu a možnosti jejich řešení. 1

Problém podnikového riadenia od výroby po odbyt. Vývoj, príprava a riadenie výroby. Riadenie výroby a manažment zásobovania. Orientácia marketingu výroby a predaja na zákazníka.

Salvato in:
Dettagli Bibliografici
Autore principale: Tomek, Jan
Natura: Capitolo di libro
Lingua:ceco
Soggetti:
Tags: Aggiungi Tag
Nessun Tag, puoi essere il primo ad aggiungerne!!

MARC

LEADER 00000naa a2200000 4500
001 r027215
005 20230922090125.5
041 0 |a cze 
044 |a CZ 
245 1 0 |a Rozpory v klíčové horizontální linii managementu a možnosti jejich řešení. 1  |c Jan Tomek 
520 |a Problém podnikového riadenia od výroby po odbyt. Vývoj, príprava a riadenie výroby. Riadenie výroby a manažment zásobovania. Orientácia marketingu výroby a predaja na zákazníka. 
610 2 0 |a riadenie podnikové 
610 2 0 |a marketing manažment 
610 2 0 |a riadenie výroby 
610 2 0 |a riadenie predaja 
610 2 0 |a zásobovanie 
100 1 |a Tomek, Jan